| 000 | 01152nam a2200241 a 4500 | ||
|---|---|---|---|
| 999 |
_c92716 _d92716 |
||
| 003 | NALT | ||
| 005 | 20210325215248.0 | ||
| 008 | 100422s2009 th 0 tha d | ||
| 020 | _a9789744899712 | ||
| 040 | _aNALT | ||
| 050 |
_aTK5105.8885 .D74 _bพ553อ 2552 |
||
| 100 | 0 | _aพันจันทร์ ธนวัฒนเสถียร. | |
| 245 | 1 | 0 |
_aออกแบบและสร้างเว็บสวยด้วย Dreamweaver CS4 / _cพันจันทร์ ธนวัฒนเสถียร. |
| 250 | _aพิมพ์ครั้งที่ 1. | ||
| 260 |
_aกรุงเทพฯ : _bบริษัท ซัคเซส มีเดีย จำกัด, _c2552. |
||
| 300 |
_a340 หน้า : _bภาพประกอบ. |
||
| 630 | 0 | 4 | _aดรีมวีฟเวอร์ (แฟ้มข้อมูลคอมพิวเตอร์) |
| 650 | 4 |
_aเว็บไซต์ _xโปรแกรมใช้สร้าง. |
|
| 650 | 4 |
_aเว็บไซต์ _xการออกแบบ. |
|
| 650 | 4 | _aการพัฒนาเว็บไซต์. | |
| 850 | _aNALT | ||
| 942 |
_cGB _2lcc |
||